| 000 | 00325nam a2200121Ia 4500 | ||
|---|---|---|---|
| 999 |
_c11404 _d11404 |
||
| 082 | _aRR 423 CHA; | ||
| 245 | 0 | _aChambers twentieth century dictionary | |
| 260 |
_aBombay _bAllied Publishers _c1972 |
||
| 300 | _ax, 1641p. | ||
| 650 | _aEnglish language - Dictionaries - 20th century | ||
| 700 | _aMacdonald, A.M. | ||
| 942 | _cBK | ||